000 00662nam 22002173 4500
001 199280
021 _aPT
_b5825/84
090 _a199280
100 _a20251126d u||y0pory50 ba
101 _apor
200 _aOs cinco e o circo
_fEnid Blyton
_gtradução de Maria da Graça Moctezuma; ilustrações de Eileen Soper
210 _aLisboa
_cEditorial Notícias
_dD. L. 1984
215 _a216 p.
_cbrochado
_d21 cm
225 _aOs cinco
_i5
300 _aRomance juvenil de aventura
606 _aLiteratura Juvenil Inglesa
_952
675 _a821.111-93
_vPT
_zpor
700 _aBlyton
_9958
_bEnid
_f1897-1968
801 _aPT
_bBMMN
_gRPC
830 _cIsabel
990 _cLIVROS